Najlepsze łakocie w Polsce - Statystyki

Ogólne statystyki
  • Ten quiz został rozwiązany 64 razy
  • Średni wynik to 3 z 12
Statystyki odpowiedzi
Hint Odpowiedź % Poprawnych
9. Czekolada
52%
4. Delicje
42%
1. Ptasie Mleczko
42%
7. Prince polo
34%
2. Krówki
26%
10. Guma Turbo
20%
6. Kinder Niespodzianka
16%
5. Rafaello
16%
8. Ciepłe lody
14%
12. Mleko w Tubce
10%
11. Nutella
6%
3. Śliwki w czekoladzie
6%
Nie znaleziono quizów pasujących do podanych kryteriów
Rozkład punktacji
Procent ludzi z każdym wynikiem
Percentyl według liczby udzielonych odpowiedzi
Twoja historia wyników
Nie rozwiązałeś tego quizu